Normal view
MARC view
- Michael stankosky
Entry Personal Name
001 - CONTROL NUMBER
- control field: 35759
003 - CONTROL NUMBER IDENTIFIER
- control field: OSt
005 - DATE AND TIME OF LATEST TRANSACTION
- control field: 20260604102049.0
008 - FIXED-LENGTH DATA ELEMENTS
- fixed length control field: 260604|| aca||aabn | a|a d
040 ## - CATALOGING SOURCE
- Original cataloging agency: OSt
- Transcribing agency: OSt
100 ## - HEADING--PERSONAL NAME
- Personal name: Michael stankosky
670 ## - SOURCE DATA FOUND
- Source citation: Work cat.: (OSt)8586: Michael stankosky, Creating the Discipline of Knowledge Management: The Latest in University Research